| 000 | 00789 a2200229 4500 | ||
|---|---|---|---|
| 003 | OSt | ||
| 005 | 20230906111954.0 | ||
| 008 | 230302s2017 m a|||| |||| 001 0 sp d | ||
| 020 | _a9788484766964 | ||
| 040 | _cCHAP | ||
| 082 | 0 | 0 |
_222 _a635.9642 _bP35 |
| 100 | 1 |
_9187891 _aPeñapareja Soto, Diego J. |
|
| 245 | 1 | 0 |
_aCésped deportivo: _bmanual practico del cuidador / _cDiego J. Peñapareja Soto, Domingo Merino Merino y Javier Ansorena Miner |
| 264 | 1 |
_aMadrid: _bMundi prensa, _c2017. |
|
| 300 |
_a121 páginas: _bfiguragas. |
||
| 650 | 0 |
_9174813 _aCéspedes _x Enfermedades y plagas |
|
| 650 | 0 |
_9174814 _aManejo del césped |
|
| 650 | 0 |
_9137414 _aMantenimiento de cesped |
|
| 700 | 1 |
_974983 _aMerino Merino, Domingo |
|
| 700 | 1 |
_96020 _aAnsorena Miner, Javier |
|
| 942 |
_cLibro _2ddc |
||
| 999 |
_c218473 _d218473 |
||